Normal view
MARC view
- Ghimire, Laxman
Entry Personal Name
001 - CONTROL NUMBER
- control field: 36472
003 - CONTROL NUMBER IDENTIFIER
- control field: OSt
005 - DATE AND TIME OF LATEST TRANSACTION
- control field: 20120712152635.0
008 - FIXED-LENGTH DATA ELEMENTS
- fixed length control field: 120712|||a|||||| | ||| d
040 ## - CATALOGING SOURCE
- Original cataloging agency: OSt
- Transcribing agency: OSt
100 ## - HEADING--PERSONAL NAME
- Personal name: Ghimire, Laxman
670 ## - SOURCE DATA FOUND
- Source citation: Work cat.: (OSt): Ghimire, Laxman, Nepali vasha tatha sahityama Bardiya jillaka sanchar madhyamko yogdan, 2068
670 ## - SOURCE DATA FOUND
- Source citation: Work cat.: (OSt): Ghimire, Laxman, Nepali vasha tatha sahityama Bardiya jillaka sanchar madhyamko yogdan, 2068
